Mauritania City Quiz - Statistics

General Stats
  • This quiz has been taken 18 times
  • The average score is 2 of 6
Answer Stats
City % Correct
Nouakchott
100%
Nouadhibou
50%
Kaedi
25%
Kiffa
25%
Mbera
8%
Zouerate
8%
No matching quizzes found
Score Distribution
Percent of People with Each Score
Percentile by Number Answered
Your Score History
You have not taken this quiz